| 000 | 00378pab a2200133 454500 | ||
|---|---|---|---|
| 008 | 180718b xxu||||| |||| 00| 0 eng d | ||
| 100 | _aJoshi, Vasudha | ||
| 245 | _aLessons from Maharashtra Employment Gurantee Scheme | ||
| 650 | _a Maharashtra Employment Guarantee Scheme | ||
| 650 | _a Employment | ||
| 650 | _aEmployment - India - Maharashtra | ||
| 773 | _aYojana | ||
| 909 | _a1990 | ||
| 999 |
_c1990 _d1990 |
||